Cơ sở thiết kế, chế tạo thiết bị trong công nghệ sản xuất và môi trường

Nội dung sách bao gồm: các yếu tố cơ bản khi tính toná thiết kế thiệt bị công nghệ sản xuất và môi trường; vật liệu chế tạo máy và thiết bị; mồi ghép; thân thiết bị.

Сохранить в:
Библиографические подробности
Главный автор: Lý, Ngọc Minh
Формат:
Язык:Undetermined
Опубликовано: Hà Nội Khoa học và Kỹ thuật 2009
Предметы:
Метки: Добавить метку
Нет меток, Требуется 1-ая метка записи!
Thư viện lưu trữ: Trung tâm Học liệu Trường Đại học Cần Thơ
LEADER 00960nam a2200205Ia 4500
001 CTU_148624
008 210402s9999 xx 000 0 und d
020 |c 39000 
082 |a 621.82 
082 |b M312 
100 |a Lý, Ngọc Minh 
245 0 |a Cơ sở thiết kế, chế tạo thiết bị trong công nghệ sản xuất và môi trường 
245 0 |c Lý Ngọc Minh 
260 |a Hà Nội 
260 |b Khoa học và Kỹ thuật 
260 |c 2009 
520 |a Nội dung sách bao gồm: các yếu tố cơ bản khi tính toná thiết kế thiệt bị công nghệ sản xuất và môi trường; vật liệu chế tạo máy và thiết bị; mồi ghép; thân thiết bị. 
650 |a Machine design,Mechanical engineering,Thiết kế máy,Kỹ thuật cơ khí 
904 |i QHieu 
980 |a Trung tâm Học liệu Trường Đại học Cần Thơ